000 00747nam a2200229 a 4500
001 000040855
003 DO-SdBNP
005 20240411074015.0
008 130909s2006 dr 000 j spa d
040 _aDO-SdBNP
_bspa
_cBNPHU
082 _aRD863.44
_bR696n
100 1 _aRodríguez Ramírez, Nicolás,
_d1963-
_967277
245 1 3 _aEl nacimiento de Solapio Valdez /
_cNicolás Rodríguez Ramírez.
260 _aSanto Domingo :
_b[s.n.],
_c2006.
300 _a102 p. ;
_c21 cm.
500 _aIncluye datos biografícos del autor en la contracubierta
590 _aInventariado, 2020 /MAA
650 4 0 _aCuentos dominicanos
_9176
650 4 _aLiteratura dominicana
_978374
910 _aValidado. Control de calidad MFF
942 _2ddc
_cLBS1
999 _c40345
_d40345